000 00426nam a2200157Ia 4500
005 20250729165602.0
008 250729s1968 xx 000 0 und d
041 _aeng
082 _a030 WBC
100 _aRobert O Zeleny William Nault
_9227752
245 _aThe World Book Encyclopedia Vol-14(NO)
260 _aChicago,London
_c1968
300 _a684p
650 _aEncyclopedia
_9227753
700 _aRao Digumurthi
_9227754
999 _c237755
_d237755